00785 a2200241 4500003000700000005001700007008004100024020001800065040002500083041000800108050001800116100002400134245010900158260003400267300001900301336002800320337003000348338002700378504004900405650002700454650004100481650002100522CBULib20240520124521.0231206b |||||||| |||| 00| 0 eng d a9781138684560 bEnglishcCBULiberda aeng aBL 65.L33 Law1 aBabie, Paul,d1966- aLaw, religion and love : seeking ecumenical justice for the otherc/ by Paul Babie; and Vanja-Ivan Savic bRoutledge,c2018.aNew York : axix, 314 pages 2rdacontentaText |btxt 2rdamediaaUnmediated |bn 2rdacarrieraVolumebnc aIncludes bibliographical reference and index 0aLOVE RELIGIOUS ASPECTS 0aOTHER (PHILOSOPHY) RELIGIOUS ASPECTS 0aRELIGION AND LAW